American theater of the 1960s / (Record no. 200468147)

MARC details
000 -LEADER
fixed length control field 02175cam a2200469 i 4500
001 - CONTROL NUMBER
control field 200468147
003 - CONTROL NUMBER IDENTIFIER
control field TR-AnTOB
005 - DATE AND TIME OF LATEST TRANSACTION
control field 20260416131840.0
007 - PHYSICAL DESCRIPTION FIXED FIELD--GENERAL INFORMATION
fixed length control field ta
008 - FIXED-LENGTH DATA ELEMENTS--GENERAL INFORMATION
fixed length control field 260416t19861986ilu b 001 0 eng
010 ## - LIBRARY OF CONGRESS CONTROL NUMBER
LC control number 85008405
016 ## - NATIONAL BIBLIOGRAPHIC AGENCY CONTROL NUMBER
Record control number (AMICUS)000005540402
020 ## - INTERNATIONAL STANDARD BOOK NUMBER
International Standard Book Number 0809312271
Qualifying information (hardback)
International Standard Book Number 9780809312276
035 ## - SYSTEM CONTROL NUMBER
System control number (CU-S)b19361713-01ucs_sdi
System control number (OCoLC)12081170
Canceled/invalid control number (OCoLC)1006460147
System control number (OCoLC)ocm12081170
System control number (EXLNZ-01UCS_NETWORK)9912398391906531
System control number (TR-AnTOB)200468147
040 ## - CATALOGING SOURCE
Original cataloging agency DLC
Language of cataloging eng
Description conventions rda
Transcribing agency DLC
Modifying agency BAKER
-- LVB
-- YDXCP
-- BTCTA
-- OCLCG
-- OCLCQ
-- GEBAY
-- GBVCP
-- OCLCO
-- OCLCF
-- OCLCQ
-- OCLCO
-- DEBBG
-- OCLCO
-- OCL
-- OCLCQ
-- CSJ
-- NLC
-- OCLCO
-- OCLCQ
-- CSA
-- CEF
-- TKN
-- BOS
-- CSO
-- TYC
-- MUO
-- HCO
-- FQG
-- CPS
-- OCLCQ
-- CNO
-- CPO
-- NAM
-- YCP
-- PAU
-- QE2
-- SNN
-- NJR
-- INT
-- URS
-- KNM
-- OL$
-- BGU
-- OCLCQ
-- OKX
-- WYU
-- UWO
-- MTU
-- IOG
-- YOU
-- HV6
-- DCHUA
-- CWI
-- HUELT
-- OCLCQ
-- LGG
-- OCLCQ
-- ROB
-- U3G
-- DKC
-- GZN
-- GZW
-- AU@
-- TJC
-- NJT
-- OCLCQ
-- OCLCO
-- OCLCA
-- REU
-- OCLCA
-- OCLCQ
-- OCLCO
-- OCLCL
-- IG#
-- OCLCL
-- TR-AnTOB
041 0# - LANGUAGE CODE
Language code of text/sound track or separate title İngilizce
043 ## - GEOGRAPHIC AREA CODE
Geographic area code n-us---
050 04 - LIBRARY OF CONGRESS CALL NUMBER
Classification number PN2266.5
Item number .S952 1986
090 ## - LOCALLY ASSIGNED LC-TYPE CALL NUMBER (OCLC); LOCAL CALL NUMBER (RLIN)
Classification number (OCLC) (R) ; Classification number, CALL (RLIN) (NR) PN2266.5
Local cutter number (OCLC) ; Book number/undivided call number, CALL (RLIN) .S952 1986
100 1# - MAIN ENTRY--PERSONAL NAME
Personal name Szilassy, Zoltán,
Dates associated with a name 1947-
Relator term author
Relator code aut
Authority record control number or standard number http://id.loc.gov/authorities/names/n85092176
9 (RLIN) 153720
245 10 - TITLE STATEMENT
Title American theater of the 1960s /
Statement of responsibility, etc. Zoltán Szilassy.
264 #1 - PRODUCTION, PUBLICATION, DISTRIBUTION, MANUFACTURE, AND COPYRIGHT NOTICE
Place of production, publication, distribution, manufacture Carbondale :
Name of producer, publisher, distributor, manufacturer Southern Illinois University Press,
Date of production, publication, distribution, manufacture, or copyright notice 1986.
Date of production, publication, distribution, manufacture, or copyright notice ©1986
300 ## - PHYSICAL DESCRIPTION
Extent xiii, 113 pages ;
Dimensions 23 cm
336 ## - CONTENT TYPE
Content type term text
Content type code txt
Source rdacontent
337 ## - MEDIA TYPE
Media type term unmediated
Media type code n
Source rdamedia
338 ## - CARRIER TYPE
Carrier type term volume
Carrier type code nc
Source rdacarrier
490 0# - SERIES STATEMENT
Series statement Crosscurrents/modern critiques. Third series
504 ## - BIBLIOGRAPHY, ETC. NOTE
Bibliography, etc. note Includes bibliographical references and index.
505 0# - FORMATTED CONTENTS NOTE
Formatted contents note Edward Albee: first among equals -- Varieties of the Albee generation -- The dramaturgical kaleidscope of the sixties -- Happenings and new performance theories -- The regional alternative theater.
650 #0 - SUBJECT ADDED ENTRY--TOPICAL TERM
Topical term or geographic name entry element Theater
Geographic subdivision United States
General subdivision History
Chronological subdivision 20th century
9 (RLIN) 153721
Topical term or geographic name entry element Experimental theater
Geographic subdivision United States
9 (RLIN) 153722
Topical term or geographic name entry element American drama
Chronological subdivision 20th century
General subdivision History and criticism
9 (RLIN) 93437
942 ## - ADDED ENTRY ELEMENTS (KOHA)
Source of classification or shelving scheme Library of Congress Classification
Koha item type Book
Holdings
Withdrawn status Lost status Source of classification or shelving scheme Damaged status Not for loan Collection code Home library Current library Shelving location Date acquired Source of acquisition Inventory number Total Checkouts Full call number Barcode Date last seen Date shelved Koha item type Public note
    Library of Congress Classification Kullanılmış / Used Ödünç Verilemez-Kurumiçi kullanım / Not for loan-For inhouse use Genel Koleksiyon Tıp Fakültesi Medikal Kütüphane Tıp Fakültesi Medikal Kütüphane Genel Koleksiyon / Main Collection 18/03/2026 Bağış / Donation İDE   PN2266.5 .S952 1986 TıpFaK TF03130 16/04/2026 16/04/2026 Book Donated by Prof. Dr. Şükrü Cin
Devinim Yazılım Eğitim Danışmanlık tarafından Koha'nın orjinal sürümü uyarlanarak geliştirilip kurulmuştur.